KOHA-Header-6

European Cases In Strategic Management (Record no. 7793)

000 -LEADER
fixed length control field 00277nam a2200109Ia 4500
100 ## - MAIN ENTRY--AUTHOR NAME
Personal name Hendry, Eccles
245 #0 - TITLE STATEMENT
Title European Cases In Strategic Management
260 ## - PUBLICATION, DISTRIBUTION, ETC. (IMPRINT)
Place of publication New Delhi
Name of publisher McGraw-Hill
Year of publication 1993
300 ## - PHYSICAL DESCRIPTION
Number of Pages 431
942 ## - ADDED ENTRY ELEMENTS (KOHA)
Koha item type Books
Holdings
Withdrawn status Lost status Collection code Permanent Location Current Location Shelving location Date acquired Full call number Accession Number Koha item type
    Management MAJU MAJU   2019-09-12 658.44 1931 Management

Powered by Koha